LIBRARY & INFORMATION CENTRE, KCAET, TAVANUR

ONLINE PUBLIC ACCESS CATALOGUE (OPAC)

Krishi bodhini / (Record no. 9995)

MARC details
000 -LEADER
fixed length control field 00695cam a2200289ua 4500
041 ## - LANGUAGE CODE
Language code of text/sound track or separate title mal
082 ## - DEWEY DECIMAL CLASSIFICATION NUMBER
Classification number 630.01
Item number KRI/KU
100 ## - MAIN ENTRY--AUTHOR NAME
Personal name Kunjikrishnan, .
245 ## - TITLE STATEMENT
Title Krishi bodhini /
250 ## - EDITION STATEMENT
Edition statement 1 /
260 ## - PUBLICATION, DISTRIBUTION, ETC. (IMPRINT)
Place of publication New Delhi :
Name of publisher Indian Council for Agricultural Research ,
Year of publication 1972.
300 ## - PHYSICAL DESCRIPTION
Number of Pages 339 ; .
942 ## - ADDED ENTRY ELEMENTS (KOHA)
Koha item type Books
Holdings
Withdrawn status Lost status Damaged status Home library Current library Date acquired Full call number Accession Number Koha item type
      KAUAET KAUAET 07/04/2012 630.01 14489 Books
      KAUAET KAUAET 07/04/2012 630.01 14494 Books
Withdrawn     KAUAET KAUAET 07/04/2012 630.01 14497 Books
      KAUAET KAUAET 07/04/2012 630.01 14493 Books
      KAUAET KAUAET 07/04/2012 630.01 14491 Books
      KAUAET KAUAET 07/04/2012 630.01 14492 Books
      KAUAET KAUAET 07/04/2012 630.01 14496 Books
      KAUAET KAUAET 07/04/2012 630.01 14498 Books
      KAUAET KAUAET 07/04/2012 630.01 14495 Books
      KAUAET KAUAET 07/04/2012 630.01 14490 Books
free website counter